| 000 | 00564cam a22002051 4500 | ||
|---|---|---|---|
| 001 | ne 63000966 | ||
| 003 | DLC | ||
| 005 | 20260227111745.0 | ||
| 008 | 830120s1962 ua 000 0 ararc | ||
| 010 | _ane 63000966 | ||
| 035 | _a(OCoLC)9147058 | ||
| 040 |
_aPrinceton Univ. Libr. _cTU _dTU _dDLC |
||
| 042 | _apremarc | ||
| 050 | 0 | 0 |
_aPJ7814.M56 _bM3 |
| 100 | 1 | _aAmīn, Kāmil. | |
| 245 | 1 | 3 |
_aal-Mashāʼil, _cbi-qalam Kamāl Amīn. |
| 260 |
_aal-Qāhirah, _bʻĀlam al-Kutub _c[tārīkh al-Muqaddimah : 1962] |
||
| 300 |
_a162 p. _c17 cm. |
||
| 500 | _aPoems. | ||
| 999 |
_c45876 _d45876 |
||